The Writing of Abubakar Gimba; A Critical Appraisal (Record no. 2697)

MARC details
000 -LEADER
fixed length control field 00360nam a22001337a 4500
008 - FIXED-LENGTH DATA ELEMENTS--GENERAL INFORMATION
fixed length control field 250325b |||||||| |||| 00| 0 eng d
020 ## - INTERNATIONAL STANDARD BOOK NUMBER
ISBN 9782335371
100 ## - MAIN ENTRY--AUTHOR
Author FAJENYO Ezekiel
245 ## - TITLE STATEMENT
Title The Writing of Abubakar Gimba; A Critical Appraisal
260 ## - PUBLICATION, DISTRIBUTION, ETC. (IMPRINT)
Place of publication Enugu Nigeria
Name of publisher Delta Publications.
Date of publication 1994
300 ## - COLLATION
Pagination 124p.
942 ## - ADDED ENTRY ELEMENTS (KOHA)
Item type Books
050 ## - LIBRARY OF CONGRESS CALL NUMBER
Classification number PR9387
Item number .F35
Holdings
Source of classification or shelving scheme Not for loan Permanent location Current location Date acquired Accession No. Full call number Barcode. Koha item type
Library of Congress Classification   Samuel Ogbemudia Main Library, University of Abuja Samuel Ogbemudia Main Library, University of Abuja 03/25/2025 2016/480164 PR9387.F35 2025-0993 Books